Literatura hebrea moderna
Salvato in:
| Autore principale: | |
|---|---|
| Natura: | Libro |
| Lingua: | spagnolo |
| Pubblicazione: |
Ciudad de México
Fondo de Cultura Económica
1968
|
| Serie: | Breviarios, 197
|
| Soggetti: | |
| Tags: |
Aggiungi Tag
Nessun Tag, puoi essere il primo ad aggiungerne!!
|
MARC
| LEADER | 00000nam a2200000 a 4500 | ||
|---|---|---|---|
| 001 | UCX2283 | ||
| 003 | CL-VaPUC | ||
| 008 | 910417e19680000MX |||||||||||||||||spa|d | ||
| 082 | 0 | 4 | |a 892.4 |b HAL |2 21 |
| 100 | 0 | |a Halkin, Simón |e author |9 318155 | |
| 245 | 1 | 0 | |a Literatura hebrea moderna |
| 300 | |a 261 p | ||
| 942 | |c BK | ||
| 945 | |d 19910417 00:00:00 | ||
| 260 | |a Ciudad de México |b Fondo de Cultura Económica |c 1968 | ||
| 650 | 7 | |a LITERATURA HEBREA |2 CL-VaPUC |9 318156 | |
| 583 | |a last modification |c 19910417 00:00:00 |k Rodrigo Vera | ||
| 490 | 0 | |a Breviarios, 197 | |
| 999 | |c 223333 |d 223331 | ||
| 952 | |0 0 |1 0 |4 0 |6 892_400000000000000_HAL_1968 |7 0 |8 A |9 219006 |a BIBEDU |b BIBEDU |d 2019-11-15 |i 2878143 |l 1 |m 2 |o 892.4 HAL 1968 |p 2878143 |r 2022-03-30 |s 2022-03-14 |w 2019-11-15 |y BK |k LIT | ||